000 00615nam a22001817a 4500
005 20251108164246.0
008 250721s1995 xx 000 0 ara d
082 1 4 _a621.384/فار
100 1 _aحسين، فاروق سيد
245 1 0 _aالدوائر العملية لأجهزة الراديو كاسيت /
264 1 _aبيروت :
_bدار الراتب الجامعية،
_c1995.
300 _a96ص
490 0 _aسلسلة الدوائر العملية و الإلكترونية ؛ 3
650 1 7 _aالراديو
650 1 7 _aالهندسة الإلكترونية
942 _2ddc
_cBK
999 _c7688
_d7688